000 00829cab a2200301 4500
001 ABS53032
008 090401t1995 xxu||||| |||| 00| 0 eng d
035 _a(Sirsi) u1444
041 _aeng
245 _aMarket report: Hampshire
260 _c1995
350 _a0
490 _aProperty Week
_v51(11) 15 June 1995, 34-66(10)
650 _aHAMPSHIRE
650 _aINDUSTRIAL MARKET
650 _aInfrastructure
_96246
650 _aM3 CORRIDOR
650 _aMILLENNIUM FUND
650 _aOFFICE DEVELOPMENT
650 _aPROPERTY-COMMERCIAL PROPERTY-OFFICE PROPERTY-OFFICE PROPERTY MARKET
650 _aOFFICE RENTS
650 _aPORTSMOUTH
650 _aSOUTHAMPTON
650 _aURBAN REGENERATION
690 _aPROPERTY-COMMERCIAL PROPERTY-COMMERCIAL PROPERTY MARKET
942 _n0
948 _c04/03/1997
999 _c803
_d803